000
00271nam a22001217a 4500
999
_c
165349
_d
165349
082
_a
_b
100
_a
Vishwanath Tripathi
245
_a
Meera Ki kavya/
_c
by Vishwanath Tripathi.
260
_a
New Delhi:
_b
Vani,
_c
1989.
300
_a
119p.
650
_a
942
_c
BK